Radiografía crítica al modelo chileno: balance y propuestas
Saved in:
| Main Authors: | , |
|---|---|
| 格式: | 圖書 |
| 語言: | 西班牙语 |
| 出版: |
Santiago
Lom
2013
Santiago USACH 2013 |
| 版: | 1a. ed |
| 叢編: | Economía Ciencias Sociales y Humanas
|
| 主題: | |
| 標簽: |
添加標簽
沒有標簽, 成為第一個標記此記錄!
|
MARC
| LEADER | 00000cam a2200000 a 4500 | ||
|---|---|---|---|
| 001 | UCE0019 | ||
| 003 | CL-VaPUC | ||
| 008 | 131227e20130000cl |||||||||||||||||spa|d | ||
| 020 | |a 9789560004420 | ||
| 082 | 0 | 4 | |a 330.983 |b MAR |2 21 |
| 100 | |a Martner Fanta, Gonzalo Daniel |e autor |9 572429 | ||
| 700 | 0 | |a Rivera Urrutia, Eugenio |e author |9 572430 | |
| 245 | 1 | 0 | |a Radiografía crítica al modelo chileno: balance y propuestas |
| 250 | |a 1a. ed | ||
| 300 | |a 514 p | ||
| 942 | |c BK | ||
| 945 | |d 20131227 10:32:00 |a dcastane | ||
| 260 | |a Santiago |b Lom |c 2013 | ||
| 260 | |a Santiago |b USACH |c 2013 | ||
| 650 | 7 | |a ECONOMIA CHILENA |2 CL-VaPUC |9 410148 | |
| 650 | 0 | |a Desarrollo económico y social |9 256320 | |
| 583 | |a last modification |c 20131227 10:32:00 |k Rodrigo Vera | ||
| 490 | 0 | |a Economía Ciencias Sociales y Humanas | |
| 999 | |c 354340 |d 354338 | ||
| 952 | |0 0 |1 0 |3 erb |4 0 |6 330_983000000000000_MAR_2013_2013 |7 0 |8 A |9 460127 |a BIBHIS |b BIBHIS |i 5038030 |o 330.983 MAR 2013 2013 |p 5038030 |r 2025-01-20 |w 2019-11-23 |y BK |z Catalogado en:20131227 |k HIS | ||
| 952 | |0 0 |1 0 |3 erb |4 0 |6 330_983000000000000_MAR_2013_2013 |7 0 |8 A |9 460128 |a BIBHIS |b BIBHIS |i 5095247 |o 330.983 MAR 2013 2013 |p 5095247 |r 2025-01-20 |w 2019-11-23 |y BK |z Catalogado en:20140814 |k HIS | ||